| 000 | 00698nam a22002177i 4500 | ||
|---|---|---|---|
| 005 | 20210520211246.0 | ||
| 008 | 210520s1996 a|||e |||| 00| p may d | ||
| 020 |
_a9795234137 _qpaperback |
||
| 040 |
_aPPAK _beng _cPPAK _erda |
||
| 082 | 0 | 4 |
_223 _a899.2211 |
| 090 | 0 | 0 |
_a899.2211 _bALI _dKAO |
| 100 | 1 |
_aAlisjahbana, S. Takdir, _d1908- _eauthor. _q(Sutan Takdir), |
|
| 245 | 1 | 0 |
_aLAGU PEMACU OMBAK : _bkumpulan sajak / _cS. Takdir Alisjahbana |
| 264 | 1 |
_aJakarta, _bDIAN RAKYAT, _c1996 |
|
| 300 |
_a34 pages : _bcolour illustrations ; _c21 cm |
||
| 336 |
_2rdacontent _atext |
||
| 337 |
_2rdamedia _aunmediated |
||
| 338 |
_2rdacarrier _avolume |
||
| 650 | 1 | 0 | _aIndonesian poetry |
| 942 |
_2ddc _cB |
||
| 999 |
_c184013 _d184013 |
||